000 00282nam a22001337a 4500
008 181022b xxu||||| |||| 00| 0 eng d
020 _a0804008620
041 _aeng
080 _a371
100 _a46
101 _aEDU
245 _aFinding the Words
_cBunge, N
942 _2udc
_cBK
999 _c50542
_d50542